Światowe rekordy różnych krajów (dla Geomexa) - Statystyki

Ogólne statystyki
  • Ten quiz został rozwiązany 57 razy
  • Średni wynik to 9 z 15
Statystyki odpowiedzi
Rekord Państwo % Poprawnych
Największa powierzchnia Rosja
96%
Największe drzewo USA
87%
Największa populacja Indie
83%
Najdłuższa linia brzegowa Kanada
81%
Najwyższy budynek świata Zjednoczone Emiraty Arabskie
77%
Najczęściej odwiedzany kraj Francja
72%
Najwyższy szczyt Nepal
72%
Największy eksporter ropy naftowej Arabia Saudyjska
70%
Największy producent wina Włochy
64%
Najwięcej wysp Szwecja
53%
Największe spożycie alkoholu Czechy
47%
Największy wodospad Wenezuela
47%
Największy producent uranu Kazachstan
32%
Najwięcej zachorowań na raka Australia
28%
Najmniej skorumpowany kraj Dania
11%
Nie znaleziono quizów pasujących do podanych kryteriów
Rozkład punktacji
Procent ludzi z każdym wynikiem
Percentyl według liczby udzielonych odpowiedzi
Twoja historia wyników
Nie rozwiązałeś tego quizu